MLB most 50 Home Run seasons - Statistics

General Stats
  • This quiz has been taken 35 times
  • The average score is 16 of 20
Answer Stats
Team Yrs # Answer % Correct
TEX, NYY '01-'07 3 Alex Rodriguez
96%
NYY '17-'22 2 Aaron Judge
93%
SFG '01 1 Barry Bonds
93%
OAK, STL '96-'99 4 Mark McGwire
93%
CHC '98-'01 4 Sammy Sosa
93%
SEA '97-'98 2 Ken Griffey Jr.
89%
BOS '06 1 David Ortiz
86%
MIA '17 1 Giancarlo Stanton
86%
NYM '19 1 Pete Alonso
86%
ATL '05 1 Andruw Jones
82%
DET '90 1 Cecil Fielder
82%
BAL '13 1 Chris Davis
82%
ARI '01 1 Luis Gonzalez
82%
MIL '07 1 Prince Fielder
82%
PHI '06 1 Ryan Howard
82%
CLE '02 1 Jim Thome
79%
TOR '10 1 Jose Bautista
79%
CLE '95 1 Albert Belle
61%
BAL '96 1 Brady Anderson
57%
SDP '98 1 Greg Vaughn
50%
No matching quizzes found
Score Distribution
Percent of People with Each Score
Percentile by Number Answered
Your Score History
You have not taken this quiz